banner-ar

DIGITAL FILMMAKING: THE CHANGING ART AND CRAFT OF MAKING MOTION PICTURES / (Record no. 13330)

MARC details
000 -الفاتح
حقل البيانات ثابتة الطول 00599nam a2200217Ia 4500
008 - عناصر البيانات ثابتة الطول - معلومات عامة
حقل البيانات ثابتة الطول 140319s9999 xx 000 0 eng d
040 ## - مصدر الفهرسة
وكالة الفهرسة الأصلية GCL /
وكالة النسخ GCL
082 04 - رقم تصنيف ديوى العشرى
رقم التصنيف 791.43
رقم المادة O D
100 1# - المدخل الرئيسى - إسم شخصى
الإسم الشخصى OHANIAN, THOMAS A
245 10 - بيان العنوان
العنوان DIGITAL FILMMAKING: THE CHANGING ART AND CRAFT OF MAKING MOTION PICTURES /
بيان المسئوليه,etc OHANIAN, THOMAS A
700 1# - المدخل الاضافى - اسم شخصى
الإسم الشخصى PHILLIPS, MICHAEL E
700 1# - المدخل الاضافى - اسم شخصى
الإسم الشخصى KREBS, JEFFREY
260 ## - PUBLICATION, DISTRIBUTION, ETC. (IMPRINT)
تاريخ النشر أو التوزيع 1996
300 ## - الوصف المادى
التعداد 267 P
650 04 - المدخل الاضافى بالموضوع-مصطلح موضوعى
مصطلح موضوعي CINEMATOGRAPHY
650 04 - المدخل الاضافى بالموضوع-مصطلح موضوعى
مصطلح موضوعي ART
650 04 - المدخل الاضافى بالموضوع-مصطلح موضوعى
مصطلح موضوعي MOTION PICTURES
650 04 - المدخل الاضافى بالموضوع-مصطلح موضوعى
مصطلح موضوعي DIGITAL VIDIO
942 ## - عناصر المدخل الإضافي( كوها)
مصدر التصنيف او مخطط الترفيف Dewey Decimal Classification
Koha [default] item type كتاب
260 ## - PUBLICATION, DISTRIBUTION, ETC. (IMPRINT)
-- [S.N] :
-- FOCAL PRESS ،
Holdings
حالة التراجع حالة الفقد حالة تلف ليس للاعارة المكان المؤقت الموقع الحالى تاريخ الاكتساب اجمالي اﻻعارات رقم الطلب الباركود تاريخ اخر مشاهدة تاريخ تفعيل السعر نوع وعاء كوها
        مكتبة القاهرة الكبرى مكتبة القاهرة الكبرى 03/26/2014   791.43\O D 25573 03/26/2014 03/26/2014 كتاب

Powered By

EGPV